| 000 | 00365cam a22001097a 4500 | ||
|---|---|---|---|
| 008 | 180718b xxu||||| |||| 00| 0 eng d | ||
| 082 | _aT39x42 | ||
| 245 |
_aReview of United Kingdom trade 1938, 1947, 1950-54 _cby British Informaiton Services, India |
||
| 260 |
_aNew Delhi _bBritish Informaiton Services _c |
||
| 300 | _a34p | ||
| 700 | _aIndia. British Informaiton Services | ||
| 999 |
_c497871 _d497871 |
||